[Event "WALTON BAN-chT 2019"]
[Site "Bangladesh"]
[Date "2019.12.15"]
[Round "8.12"]
[White "Anata, Choudhury"]
[Black "Subrota, Biswas"]
[Result "1-0"]
[WhiteElo "2137"]
[BlackElo "2134"]
[Annotator "TA"]
[PlyCount "71"]
[EventDate "2019.12.07"]
[EventType "team-tourn"]
[EventCountry "BAN"]
[SourceTitle "playchess.com"]
[Source "ChessBase"]
[SourceQuality "1"]

{[%evp 25,70,5,23,3,7,0,4,0,4,0,0,-15,-13,-16,-15,-33,-39,-79,-84,-98,-78,-93,-90,-86,-38,-25,-9,-6,24,-8,-14,-45,-12,-50,-58,-39,507,493,1256,1420,2111,2097,29994,29995,29998,29999,29999]} 1. e4 e5 2. Nf3 Nc6 3. Bb5 a6 4. Ba4 Nf6 5. O-O Be7 6. d3 b5 7. Bb3 d6 8. a4 Bd7 9. c3 O-O 10. Re1 h6 11. Nbd2 {[%cal Bb1d2,Bd2f1,Bf1g3][%mdl 32]} Re8 12. Nf1 Na5 13. Bc2 c5 14. Ng3 {C90: Closed Ruy Lopez with 7...d6: Early deviations} (14. h3 Bf8 15. Ng3 Nc6 16. d4 exd4 17. cxd4 cxd4 18. Nxd4 Nxd4 19. Qxd4 Qc7 20. Bb3 d5 21. axb5 Bc5 {1-0 (30) Yu,Y (2760)-Sevian,S (2614) chess.com INT 2018}) 14... Bf8 15. d4 Qc7 16. d5 {The position is equal.} c4 17. h3 Nb7 {[%cal Ba5b7,Bb7c5,Bc5a4][%mdl 32]} 18. Nh2 $146 ({Predecessor:} 18. Be3) 18... Nc5 19. Qf3 Nh7 20. Ng4 Nxa4 21. Nh5 Nc5 22. Qg3 {Threatens to win with Nxh6+.} Kh8 23. Be3 a5 24. f4 f6 25. Rf1 Bxg4 26. Qxg4 b4 {[%cal Bb5b4,Bb4b3][%mdl 32]} 27. fxe5 dxe5 28. Qg6 b3 29. Bd1 Nd3 30. Kh2 Ng5 $2 {[%mdl 8192] [#]} ({Resist} 30... Nxb2 31. Bg4 $17) (30... Bd6 $15 {stays ahead.} 31. Rxa5 Nf8 32. Rxa8 Rxa8) 31. Bxg5 $1 $18 hxg5 (31... fxg5 $142 32. Rf7 {[%mdl 64] Double Attack} Ra6) 32. Bg4 {Bf5 would kill now.} Nf4 {[#]} 33. Rxf4 $1 {[%mdl 512] White threatens Bf5! and mate.} exf4 34. Bf5 {[%csl Gf5][%cal Rg6h7] White mates.} Kg8 35. Nxf6+ {[%mdl 64] Double Attack} Kh8 36. Qh7# {Accuracy: White = 55%, Black = 44%.} 1-0

[Event "WALTON BAN-chT 2019"]
[Site "Bangladesh"]
[Date "2019.12.15"]
[Round "9.1"]
[White "Kovalev, Vladislav"]
[Black "Jobava, Baadur"]
[Result "0-1"]
[WhiteElo "2662"]
[BlackElo "2604"]
[Annotator "TA"]
[PlyCount "38"]
[EventDate "2019.12.07"]
[EventType "team-tourn"]
[EventCountry "BAN"]
[SourceTitle "playchess.com"]
[Source "ChessBase"]
[SourceQuality "1"]

{[%evp 15,86,29,29,25,40,29,33,36,58,36,45,30,40,16,38,53,52,49,86,56,136,137,138,136,229,224,230,229,521,40,37,40,42,51,25,0,7,0,101,0,55,54,119,0,4,4,14,14,14,15,15,-8,27,0,0,0,183,-186,-192,-386,-355,-429,-433,-420,-360,-673,-560,-5922,-722,-722,-485,-1319,-827]} 1. e4 e5 2. Nf3 Nf6 3. Nxe5 d6 4. Nf3 Nxe4 5. Bd3 Nc5 6. Be2 d5 7. d4 Ne4 8. O-O Bd6 9. c4 {C42: Petroff Defence: 3 Nxe5 and unusual White 3rd moves} c6 10. Nc3 Nxc3 11. bxc3 {White is slightly better.} O-O 12. Qb3 (12. Re1 Nd7 13. Qb3 dxc4 14. Bxc4 h6 15. Qc2 Qf6 16. Qe4 Qd8 17. Bxh6 b5 18. Ng5 Nf6 19. Qg6 Bxh2+ 20. Kh1 {1-0 (20) Piorun,K (2651)-Przybylski,W (2320) Zgierz 2017}) 12... h6 $146 ({Predecessor:} 12... dxc4 13. Bxc4 b5 14. Bd3 Be6 15. Qc2 g6 16. Bg5 Qc8 17. Ne5 Bxe5 18. dxe5 Nd7 19. f4 Nc5 20. f5 Qd7 21. Rad1 Bd5 22. Bf6 Nxd3 23. Qd2 {1-0 (22) Potrata,J (2264)-Mueller Toepler,M (1971) ICCF email 2016}) 13. a4 Re8 14. Re1 dxc4 15. Bxc4 Rxe1+ 16. Nxe1 Qe7 17. Nd3 {Hoping for Bf4.} Nd7 ({Black should play} 17... Na6 $14) 18. Bf4 $16 Bxf4 19. Re1 $1 {[%cal Re1e7] [#]} ({Don't take} 19. Nxf4 $6 Nb6 $14) 19... Qf6 {Played: Bf4xh2} 0-1

[Event "WALTON BAN-chT 2019"]
[Site "Bangladesh"]
[Date "2019.12.15"]
[Round "9.2"]
[White "Murshed, Niaz"]
[Black "Safarli, Eltaj"]
[Result "1/2-1/2"]
[WhiteElo "2413"]
[BlackElo "2601"]
[Annotator "TA"]
[PlyCount "73"]
[EventDate "2019.12.07"]
[EventType "team-tourn"]
[EventCountry "BAN"]
[SourceTitle "playchess.com"]
[Source "ChessBase"]
[SourceQuality "1"]

{[%evp 17,73,9,27,14,30,18,34,0,6,0,23,25,28,26,33,-14,-11,-3,-10,-17,-7,-7,-16,-10,-17,-30,-20,-16,-16,-20,-10,-25,0,0,0,0,0,0,0,0,0,0,0,0,0,0,0,0,0,0,0,0,0,0,0,0,0,0]} 1. d4 Nf6 2. Nf3 g6 3. Nc3 d5 4. Bf4 Bg7 5. e3 O-O 6. Be2 c5 7. O-O cxd4 8. exd4 Nc6 9. Ne5 Qb6 10. Nxc6 {D00: 1 d4 d5: Unusual lines} bxc6 (10... Qxc6 11. Be5 Bf5 12. Bd3 Bxd3 13. Qxd3 Rac8 14. a4 Ne4 15. Bxg7 Kxg7 16. Ra3 Nxc3 17. bxc3 b6 {0-1 (43) Bareev,E (2634)-Polgar,J (2680) Moscow 2009}) 11. Na4 $1 {[%cal Ra4b6]} Qd8 12. Nc5 {White is slightly better.} Qb6 13. Na4 Qa5 14. c3 Nd7 15. b4 Qd8 16. Nc5 Nxc5 17. bxc5 Qa5 18. Qd2 Re8 $146 ({Predecessor:} 18... e5 19. Bxe5 Bxe5 20. dxe5 {0-1 (42) Eletskikh,A (2283)-Baltag,I (2404) Kishinev 2012}) 19. Rfe1 Bf5 20. Bf3 e5 21. Bxe5 Bxe5 22. Rxe5 Rxe5 23. dxe5 Qxc5 24. g4 Be4 25. Bxe4 {The position is equal.} dxe4 $11 {[%mdl 4096] Endgame KQR-KQR} 26. e6 $1 fxe6 27. Re1 Qd5 28. Qe2 Rf8 29. Qxe4 Qxa2 30. Qxe6+ Qxe6 31. Rxe6 {KR-KR} a5 32. Re4 Ra8 33. Ra4 $1 Kf7 34. f4 Ke6 35. Kf2 Kd5 36. Ke3 Kc5 37. c4 {Accuracy: White = 68%, Black = 64%.} 1/2-1/2

[Event "WALTON BAN-chT 2019"]
[Site "Bangladesh"]
[Date "2019.12.15"]
[Round "9.3"]
[White "Rahman, Ziaur"]
[Black "Mchedlishvili, Mikheil"]
[Result "0-1"]
[WhiteElo "2440"]
[BlackElo "2567"]
[Annotator "TA"]
[PlyCount "96"]
[EventDate "2019.12.07"]
[EventType "team-tourn"]
[EventCountry "BAN"]
[SourceTitle "playchess.com"]
[Source "ChessBase"]
[SourceQuality "1"]

{[%evp 10,254,0,0,0,0,7,0,9,-25,9,8,14,20,16,0,25,0,41,14,18,28,45,25,28,24,33,27,29,17,42,45,48,25,44,40,47,33,23,39,37,-4,-18,-9,-2,-8,0,-16,-9,-44,-26,-31,-15,0,-23,-18,-13,-112,-89,-154,-161,-162,-178,-182,-182,-183,-166,-177,-135,-177,-177,-177,-177,-177,-177,-172,-174,-186,-186,-186,-186,-186,-186,-186,-186,-186,-186,-193,-181,-182,-173,-179,-176,-190,-190,-190,-190,-200,-200,-200,-200,-200,-200,-201,-201,-201,-191,-200,-200,-197,-197,-191,-189,-189,-183,-189,-189,-184,-183,-189,-189,-197,-197,-200,-189,-189,-189,-188,-183,-197,-197,-195,-186,-187,-181,-189,-190,-189,-200,-175,-175,-218,-175,-175,-175,-173,-110,-110,-8,-8,-8,-8,-8,-8,-8,-8,-8,-8,-8,-8,-8,-8,0,-22,-8,-8,-8,-8,-8,-8,-8,-8,-8,-8,-8,-8,-8,-8,-8,-8,-8,-8,-8,-8,-8,-59,-59,-11494,-10209,-7155,-10211,-29975,-29968,-29973,-29974,-29941,-6903,-29978,-29979,-29978,-119,-29980,-119,-120,-135,-152,-152,-1465,-152,-155,-162,-162,-162,-59,-84,-77,0,-162,-162,-162,-163,-164,-85,-29980,-29981,-29981,-29982,-29982,-29977,-29978,-85,-29977,-29976,-29976,-29977,-29979,-29980,-29980,-29981,-29980,-29981,-29983,-29984,-29983,-29984,-29989,-29990]} 1. d4 d6 2. Nf3 g6 3. Bf4 Bg7 4. e3 Nd7 5. h3 Ngf6 6. Be2 b6 {A48: 1 d4 Nf6 2 Nf3 g6: Torre, London and Colle Systems} 7. O-O Bb7 8. Bh2 O-O {The position is equal.} 9. c4 c5 10. Nc3 Ne4 11. Nxe4 Bxe4 12. Qd2 Qc7 13. Rac1 Qb7 14. Rfd1 Nf6 15. b3 $146 ({Predecessor:} 15. Ne1 cxd4 16. exd4 Rac8 17. Bf1 Rfd8 18. Bf4 d5 {½-½ (41) Johansen,D (2483)-Kasimdzhanov,R (2650) Mallorca 2004}) 15... Rfc8 16. d5 Bxf3 17. Bxf3 b5 18. cxb5 Qxb5 19. e4 Nd7 20. Be2 Qb7 21. Qa5 a6 {[%cal Ba7a6,Ba6a5,Ba5a4,Ba4a3][%mdl 32]} 22. Bf4 Rcb8 23. Bd2 Bd4 24. Be1 Qa7 25. Qd2 a5 26. Rc4 Nb6 27. Rc2 a4 28. b4 a3 $1 29. bxc5 Bxc5 30. e5 Nd7 {[%cal Bb6d7,Bd7e5,Be5c6][%mdl 32]} 31. e6 fxe6 32. dxe6 Ne5 33. Qd5 (33. Bf1 $11) 33... Rf8 $1 $17 {[%cal Rc5f2]} 34. Rxc5 (34. Bf1 $142) 34... Qxc5 35. Qxc5 dxc5 36. Rd5 Nc6 37. Rxc5 Nd4 38. Bd3 Rfd8 39. Be4 Rac8 ({Much less strong is} 39... Nxe6 40. Bd5 $17) 40. Bb4 Rxc5 ({Don't play} 40... Nxe6 41. Rxc8 Rxc8 42. Bxe7 $15) 41. Bxc5 $19 {[%mdl 4096] Endgame KRN-KB} Kf8 $1 ({Don't do} 41... Nxe6 42. Bxe7 Rd1+ 43. Kh2 $17) 42. Bxa3 Nxe6 43. Bc2 Nd4 44. Be4 Ne2+ 45. Kh2 Rd2 46. Bc5 Rxa2 47. g3 Nc3 48. Bf3 Kf7 {Played: Ra2-d2} 0-1

[Event "WALTON BAN-chT 2019"]
[Site "Bangladesh"]
[Date "2019.12.15"]
[Round "9.4"]
[White "Mohammad Fahad, Rahman"]
[Black "Hossain, Enamul"]
[Result "0-1"]
[WhiteElo "2294"]
[BlackElo "2419"]
[Annotator "TA"]
[PlyCount "112"]
[EventDate "2019.12.07"]
[EventType "team-tourn"]
[EventCountry "BAN"]
[SourceTitle "playchess.com"]
[Source "ChessBase"]
[SourceQuality "1"]

{[%evp 27,112,6,16,0,13,8,20,-12,-19,-20,0,0,0,0,0,0,0,-14,0,-25,-25,-70,-72,-77,-66,-64,-54,-80,-56,-64,-60,-79,-37,-103,-92,-95,-94,-85,-103,-156,-161,-156,-153,-204,-210,-202,-203,-193,-206,-210,-216,-212,-204,-205,-176,-185,-176,-216,-140,-240,-258,-245,-221,-277,-301,-296,-296,-270,-232,-330,-335,-317,-319,-358,-341,-468,-460,-482,-481,-474,-472,-568,-502,-29975,-29977,-29976,-29977]} 1. e4 c5 2. Nf3 e6 3. d4 cxd4 4. Nxd4 Nc6 5. Nc3 Qc7 6. Be2 a6 7. O-O Nf6 8. Be3 Be7 9. f4 d6 10. Kh1 O-O 11. Qe1 Nxd4 12. Bxd4 b5 13. Qg3 Bb7 14. a3 Rad8 15. Bd3 {B85: Sicilian Scheveningen: 6 Be2 a6, lines with early Be3} Bc6 (15... Rd7 16. Rae1 Re8 17. Re2 Qd8 18. Qh3 Bf8 19. a4 e5 20. fxe5 dxe5 21. Bf2 b4 22. Nd5 Nxd5 23. exd5 {0-1 (62) Navara,D (2724)-Moranda,W (2597) Katowice 2019}) 16. Rae1 Qd7 17. e5 {The position is equal.} dxe5 18. Bxe5 Nh5 19. Qh3 g6 20. Ne4 f6 21. Bc3 {[#]} Bd5 $146 ({Predecessor:} 21... Bxe4 22. Bxe4 f5 23. Bf3 Nf6 {1-0 (54) Patel,A (2461)-Quesada Perez,Y (2622) Saint Louis 2018}) 22. Be2 Ng7 $36 {[%mdl 2048] Black has the initiative.} 23. Bf3 Qc7 24. Nd2 a5 25. Bxd5 Rxd5 26. b4 axb4 27. axb4 Rc8 28. Ne4 Qd8 29. Qf3 Kf7 30. Rd1 (30. g4 $15) 30... Rc4 31. Rxd5 Qxd5 32. Nd2 {[#] Black must now prevent Qxd5.} Rc7 33. Nb1 ({White should try} 33. Ne4) 33... Qc4 $17 34. Re1 Nf5 35. Qe2 (35. g3 $17) 35... Qxe2 36. Rxe2 Rc4 37. g4 Nd6 ({Much less strong is} 37... Rxf4 38. gxf5 Rf1+ 39. Kg2 $17) 38. Kg2 Rxf4 39. h3 Rc4 40. Be1 f5 41. Na3 Rc8 ({Inferior is} 41... fxg4 42. Nxc4 gxh3+ 43. Kxh3 $15) 42. Bf2 Ne4 {Threatens to win with ...Nc3.} 43. Nxb5 (43. Be1 $17) 43... Bxb4 $19 44. Bd4 Bc5 45. Bxc5 Rxc5 {[%mdl 4096] Endgame KRN-KRN} 46. Nd4 Kf6 47. Nf3 g5 48. h4 (48. Ne1 $142) 48... h6 ({Don't do} 48... fxg4 49. Rxe4 gxf3+ 50. Kxf3 $19) 49. hxg5+ hxg5 50. Ne1 Nc3 51. Re3 Nd5 52. Ra3 f4 53. Kf3 Ne3 54. Nd3 Rxc2 55. Nf2 {[#]} (55. Nxf4 $19 gxf4 56. Kxf4 Nd5+ 57. Ke4) 55... Nc4 56. Ne4+ Kg6 {Accuracy: White = 42%, Black = 67%.} 0-1

[Event "WALTON BAN-chT 2019"]
[Site "Bangladesh"]
[Date "2019.12.15"]
[Round "9.5"]
[White "Alam, Monjur"]
[Black "Bhattacharyya Soham"]
[Result "0-1"]
[WhiteElo "1899"]
[BlackElo "1944"]
[Annotator "NA RC"]
[PlyCount "85"]
[EventDate "2019.12.07"]
[EventType "team-tourn"]
[EventCountry "BAN"]
[SourceTitle "playchess.com"]
[Source "ChessBase"]
[SourceQuality "1"]
[TimeControl "5400+30"]

1. d4 {[%emt 0:04:50]} Nf6 {[%emt 0:00:57]} 2. c4 {[%emt 0:00:27]} g6 {[%emt 0:01:13]} 3. Nf3 {[%emt 0:00:12]} Bg7 {[%emt 0:00:08]} 4. Nc3 {[%emt 0:00:24]} O-O {[%emt 0:01:34]} 5. e4 {[%emt 0:00:19]} d6 {[%emt 0:01:14]} 6. Be2 {[%emt 0:00:09]} Nbd7 {[%emt 0:00:09]} 7. O-O {[%emt 0:00:58]} e5 {[%emt 0:00:51]} 8. d5 {[%emt 0:00:44]} Nc5 {[%emt 0:01:35]} 9. Qc2 {[%emt 0:01:45]} a5 {[%emt 0:00:45]} 10. Ne1 {[%emt 0:04:19]} Ne8 {[%emt 0:03:01]} 11. Be3 {[%emt 0:01:04]} f5 {[%emt 0:02:31]} 12. f3 {[%emt 0:00:32]} f4 {[%emt 0:01:41]} 13. Bf2 {[%emt 0:00:11]} g5 {[%emt 0:00:15]} 14. Nd3 {[%emt 0:01:08]} b6 {[%emt 0:02:04]} 15. a3 {[%emt 0:04:42]} h5 {[%emt 0:08:16]} 16. b4 {[%emt 0:05:44]} Nxd3 {[%emt 0:02:24]} 17. Qxd3 {[%emt 0:00:41]} g4 {[%emt 0:02:29]} 18. Kh1 {[%emt 0:03:05]} Qg5 {[%emt 0:06:01]} 19. Qd2 {[%emt 0:07:16]} Qg6 {[%emt 0:18:14]} 20. Rfc1 {[%emt 0:07:10]} g3 {[%emt 0:05:22]} 21. Bg1 {[%emt 0:01:36]} h4 {[%emt 0:01:28]} 22. Bf1 {[%emt 0:05:11]} gxh2 {[%emt 0:02:44]} 23. Bxh2 {[%emt 0:00:50]} Rf7 {[%emt 0:04:57]} 24. Nb5 {[%emt 0:02:54]} Bf8 {[%emt 0:01:15]} 25. Qf2 {[%emt 0:08:23]} Nf6 {[%emt 0:05:32]} 26. Nc3 {[%emt 0:05:18]} Nh5 {[%emt 0:03:09]} 27. Na4 {[%emt 0:04:38]} Ng3+ {[%emt 0:03:23]} 28. Kg1 {[%emt 0:00:27]} Bd7 {[%emt 0:00:49]} 29. Nb2 {[%emt 0:01:20]} Rg7 {[%emt 0:03:32]} 30. Nd3 {[%emt 0:02:17]} h3 {[%emt 0:02:35]} 31. Ra2 {[%emt 0:05:45]} axb4 {[%emt 0:01:57]} 32. Nxb4 {[%emt 0:03:34]} Be7 {[%emt 0:05:22]} 33. Bxg3 {[%emt 0:05:32]} fxg3 {[%emt 0:00:30]} 34. Qe2 {[%emt 0:00:14]} hxg2 {[%emt 0:01:26]} 35. Bxg2 {[%emt 0:00:48]} Rh7 {[%emt 0:03:40]} 36. Nc2 {[%emt 0:02:53]} Bg5 {[%emt 0:01:25]} 37. Rb1 {[%emt 0:02:07]} Rh2 {[%emt 0:01:30]} 38. Ne3 {[%emt 0:01:11]} Bh3 {[%emt 0:00:12]} 39. Qe1 {[%emt 0:00:28]} Bxe3+ {[%emt 0:01:28]} 40. Qxe3 {[%emt 0:00:03]} Kg7 {[%emt 0:01:23]} 41. Rbb2 {[%emt 0:01:02]} Rh8 {[%emt 0:00:15]} 42. Bxh3 {[%emt 0:00:55]} R2xh3 {[%emt 0:00:12]} 43. Kf1 {[%emt 0:08:24]} 0-1

[Event "WALTON BAN-chT 2019"]
[Site "Bangladesh"]
[Date "2019.12.15"]
[Round "9.6"]
[White "Sourath Biswas"]
[Black "Lugovskoy, Maxim"]
[Result "0-1"]
[WhiteElo "1944"]
[BlackElo "2466"]
[Annotator "TA"]
[PlyCount "88"]
[EventDate "2019.12.07"]
[EventType "team-tourn"]
[EventCountry "BAN"]
[SourceTitle "playchess.com"]
[Source "ChessBase"]
[SourceQuality "1"]

{[%evp 11,132,23,19,0,0,0,46,55,40,39,43,35,45,40,37,47,35,42,39,30,39,50,108,105,101,49,45,5,7,6,16,0,20,0,0,0,0,0,12,0,0,0,0,0,0,0,0,0,0,-114,-18,-358,-358,-358,-358,-358,-358,-358,-358,-358,-350,-379,-378,-404,-234,-584,-587,-717,-700,-648,-395,-395,-395,-689,-676,-604,-395,-395,-395,-395,-395,-395,-395,-395,-395,-395,-395,-395,-395,-395,-395,-395,-175,-410,-404,-404,-197,-381,-401,-395,-296,-513,-289,-281,-281,-271,-270,-513,-513,-513,-513,-513,-513,-513,-513,-513,-513,-841,-841,-29975,-29975,-29968,-29968]} 1. Nf3 d5 2. c4 e6 3. g3 Nf6 4. Bg2 Be7 5. O-O O-O 6. b3 d4 7. Bb2 {A14: English Opening: 1...e6 with b3 by White} (7. e3 c5 8. exd4 cxd4 9. Re1 Nc6 10. Bb2 Bd6 11. Nxd4 Nxd4 12. Bxd4 Bxg3 13. hxg3 Qxd4 14. Nc3 Ng4 15. Qf3 f5 16. Nb5 Qb6 17. Qf4 e5 18. Rxe5 Nxe5 19. Qxe5 {1-0 (37) Artemiev,V (2761)-Korobov,A (2687) Poikovsky 2019}) 7... c5 8. b4 Qc7 9. bxc5 {White is slightly better.} e5 10. e3 Bg4 11. Qb3 $146 ({Predecessor:} 11. h3 Bxf3 12. Qxf3 Nc6 13. exd4 exd4 14. d3 Bxc5 15. Nd2 {1-0 (41) Bayer,B (2382)-Unger,M (2089) Bayern 2009}) 11... Nc6 12. exd4 {[%cal Rf3e5]} Bxf3 13. Bxf3 {dxe5 is the strong threat.} exd4 14. Bxc6 Qxc6 15. Bxd4 Ne4 16. Be3 Rad8 ({Black should try} 16... Rfd8 $14) 17. d4 $16 Bf6 18. Nc3 (18. d5 $1 $16 {[%cal Rd5c6]} Qa6 19. Nd2 Nxd2 20. Bxd2) 18... Bxd4 $14 19. Nd5 Bxc5 20. Bxc5 Qxc5 21. Rad1 Rfe8 22. Kg2 Nd6 23. Ne3 Qc6+ 24. Kg1 $1 h5 25. Rd5 Ne4 26. Rxd8 Rxd8 27. Nd5 Qc5 28. Qd1 {Hoping for Nf6+!} Re8 29. Qxh5 Qxc4 30. Re1 (30. Rd1 $11) 30... Qd4 ({Better is} 30... Qxa2 $17 31. Re2 Qc4) 31. Qf5 $2 {[%mdl 8192]} (31. Ne3 $1 $11 {and White is okay.}) 31... g6 $19 32. Rxe4 Qa1+ (32... gxf5 $2 {loses.} 33. Rxd4 Kg7 34. Kg2 $18) 33. Kg2 gxf5 34. Rxe8+ {[%mdl 4096] Endgame KQ-KRN} Kg7 35. Re2 b5 {[%cal Bb7b5,Bb5b4][%mdl 32]} 36. Ne3 Qb1 37. Rd2 b4 38. Rd4 $2 (38. Rc2 {nothing else works.}) 38... a5 {[%cal Ba7a5,Ba5a4,Ba4b3][%mdl 32]} 39. Rf4 Kg6 40. h4 a4 41. Nd5 b3 42. Nc3 $2 (42. axb3 a3 43. Ne7+ Kh7 44. Nd5) 42... Qc2 43. axb3 axb3 44. Na4 b2 {Played: Qc2-d2} 0-1

[Event "WALTON BAN-chT 2019"]
[Site "Bangladesh"]
[Date "2019.12.15"]
[Round "9.7"]
[White "Khusenkhojaev, Muhammad"]
[Black "Ahmed, Feroz"]
[Result "1-0"]
[WhiteElo "2427"]
[BlackElo "1936"]
[Annotator "TA"]
[PlyCount "89"]
[EventDate "2019.12.07"]
[EventType "team-tourn"]
[EventCountry "BAN"]
[SourceTitle "playchess.com"]
[Source "ChessBase"]
[SourceQuality "1"]

{[%evp 9,89,31,31,26,22,19,44,48,57,57,45,41,64,66,111,85,111,111,111,111,111,111,111,105,178,182,205,183,181,173,225,197,195,191,218,218,275,266,247,252,219,201,218,230,224,226,227,231,230,0,206,156,259,264,318,345,706,661,1075,1070,6299,2258,5357,1609,2081,2085,29988,29975,29982,29976,29976,29975,29992,29993,29993,29994,29996,29997,29998,29996,29996,29997]} 1. Nf3 d6 2. d4 g6 3. g3 Bg7 4. c4 Nc6 5. d5 (5. Nc3 Bd7 6. Bg2 Qc8 7. O-O h5 8. h4 Nh6 9. Bg5 Ng4 10. Rc1 f6 11. Bd2 e5 12. Nd5 Be6 {0-1 (59) Ruck,R (2558)-Nakamura,H (2699) Austria 2009}) 5... Ne5 6. Nxe5 {A41: 1 d4 d6: Tartakower System and Modern Defence} Bxe5 7. Bg2 Bg7 8. O-O {White is slightly better.} e5 9. dxe6 fxe6 10. Nc3 Nf6 $146 ({Predecessor:} 10... Ne7 11. Bg5 h6 12. Be3 Nf5 {1-0 (49) Neuner,J (1946)-Armbrust,M (1823) Griesheim 2011}) 11. Bg5 Bd7 12. Qc2 Bc6 13. e4 O-O 14. e5 dxe5 15. Bxc6 bxc6 16. Ne4 Qd4 (16... Qe8 $16) 17. Bxf6 $18 Bxf6 18. Rad1 Qb6 19. Rd7 Rf7 (19... c5 {might work better.} 20. Qd3 Bg7) 20. Rxf7 Kxf7 21. Qc3 {Threatens to win with Qf3!} Rf8 22. Rd1 ({But not} 22. Nxf6 $6 Kxf6 23. c5 Qb7 $16) 22... Bg7 23. c5 Qb5 24. Rd7+ Kg8 25. Rxc7 {And now Qd2 would win.} Qe2 {[#]} 26. Qe3 $1 {[%cal Re3e2]} Qxb2 27. Rxa7 Qb8 28. Ra6 Qb5 29. Ra7 Qb8 $1 {[%cal Rb8a7]} 30. Ra3 Qb2 (30... Qb1+ $16 {was necessary.} 31. Kg2 Qc2) 31. Qb3 Qd4 32. Qxe6+ {[%mdl 64] Double Attack} Kh8 $2 (32... Rf7) 33. Qxc6 Qb2 34. Ra8 Kg8 35. Qd5+ Kh8 {[#]} 36. Rxf8+ (36. Nf6 $142 $1 {[%mdl 512]} Bxf6 37. Rxf8+ Kg7 38. Rf7+ Kh6 39. Rxf6 Qb1+ 40. Kg2 Qb4 41. c6) 36... Bxf8 37. Kg2 h5 38. h4 {White mates.} Be7 39. c6 Qb8 {[#]} 40. Qe6 $1 Qb4 41. Qxe5+ Kh7 42. c7 Qc4 43. Qxe7+ Kh6 44. Nf6 {[%csl Gf6][%cal Re7h7]} Qc6+ 45. Kh2 {Accuracy: White = 80%, Black = 49%.} 1-0

[Event "WALTON BAN-chT 2019"]
[Site "Bangladesh"]
[Date "2019.12.15"]
[Round "9.8"]
[White "Swarnavo Choudhury"]
[Black "Anata, Choudhury"]
[Result "1/2-1/2"]
[WhiteElo "1840"]
[BlackElo "2137"]
[Annotator "TA"]
[PlyCount "79"]
[EventDate "2019.12.07"]
[EventType "team-tourn"]
[EventCountry "BAN"]
[SourceTitle "playchess.com"]
[Source "ChessBase"]
[SourceQuality "1"]

{[%evp 10,79,22,0,17,0,0,-10,0,6,9,2,16,11,6,1,16,16,16,-5,18,17,38,38,43,25,29,0,0,0,-6,-12,-11,-12,-11,-11,-10,-10,-6,-18,0,-25,-10,-11,-11,-17,0,0,0,0,0,0,0,0,0,-21,0,0,0,0,0,0,0,0,0,0,0,0,0,0,0,-516]} 1. d4 Nf6 2. Nf3 g6 3. g3 Bg7 4. Bg2 d5 5. O-O O-O 6. c3 Na6 {D02: 1 d4 d5 2 Nf3 sidelines, including 2...Nf6 3 g3 and 2...Nf6 3 Bf4} (6... c6 7. Nbd2 Bf5 8. Nh4 Bg4 9. h3 Bc8 10. Kh2 Re8 11. e4 dxe4 12. Nxe4 Nxe4 13. Bxe4 Nd7 14. Bg2 e5 15. dxe5 Nxe5 16. Qxd8 Rxd8 {½-½ (70) Kramnik,V (2753)-Radjabov,T (2759) Moscow 2019}) 7. Bg5 c5 8. Nbd2 Qb6 $146 ({Predecessor:} 8... Bf5 9. Qb3 cxd4 10. Nxd4 Bc8 11. Bxf6 Bxf6 12. Qxd5 Qxd5 13. Bxd5 Rd8 14. Bf3 {1-0 (39) Frank,J (1972)-Haszon,K (1779) Dunaujvaros 2011}) 9. Qb3 cxd4 10. cxd4 Be6 11. Rac1 Rfc8 12. e3 h6 {[#] Threatens to win with ...Qxb3.} 13. Bxf6 Bxf6 14. Rfd1 Rc6 15. Rxc6 Qxc6 16. Ne1 Rc8 17. Nd3 Qc2 18. Nc5 (18. Nf4 {is interesting.} Bg4 19. f3 Be6 20. Nxe6 fxe6 21. Bf1) 18... Qxb3 19. Ndxb3 Nxc5 20. dxc5 Bxb2 21. Bxd5 Bxd5 22. Rxd5 $11 {[%mdl 4096] Endgame KRB-KRN} Rc7 23. Rd2 Bf6 24. Kg2 h5 25. e4 e6 26. f4 {The position is equal.} Be7 27. Rc2 $1 b6 28. c6 Bc5 29. Na5 $1 Bb4 30. Nb7 Bc5 31. Na5 $1 Kf8 32. Kf3 Ke7 33. e5 Bb4 34. Nb7 Bc5 35. Na5 $1 Bb4 36. Nb7 Bc5 37. Na5 $1 Bb4 38. Nb7 Bc5 39. Na5 $1 ({Of course not} 39. Nxc5 Rxc6 40. Ke4 Rxc5 $17) 39... Bb4 40. Ke4 $2 {[%mdl 40960] Accuracy: White = 57%, Black = 62%. . An unexpected result.} (40. Nb3 $11 {and White has nothing to worry.}) 1/2-1/2